Un capitan de quince años / (Registro nro. 8376)

Detalles MARC
000 -LEADER
fixed length control field 00638nam a22002177a 4500
001 - CONTROL NUMBER
control field 0074
003 - CONTROL NUMBER IDENTIFIER
control field DO-SdBNP
005 - DATE AND TIME OF LATEST TRANSACTION
control field 20180207094740.0
007 - PHYSICAL DESCRIPTION FIXED FIELD--GENERAL INFORMATION
fixed length control field 0074
008 - FIXED-LENGTH DATA ELEMENTS--GENERAL INFORMATION
fixed length control field 151013b sp 1956 ||||| |||| 00| 0 spa d
040 ## - CATALOGING SOURCE
Original cataloging agency BPMSU
Language of cataloging spa
Transcribing agency BPMSU
100 1# - MAIN ENTRY--PERSONAL NAME
Personal name Verne, Julio
240 10 - UNIFORM TITLE
Uniform title <a href=" Un capitaine de quinze ans."> Un capitaine de quinze ans.</a>
Medium Español
245 10 - TITLE STATEMENT
Title Un capitan de quince años /
Statement of responsibility, etc. Julio Verne ; traducción de Joaquín Gallardo.
260 ## - PUBLICATION, DISTRIBUTION, ETC. (IMPRINT)
Place of publication, distribution, etc. Barcelona, España :
Name of publisher, distributor, etc. Molino,
Date of publication, distribution, etc. 1956.
300 ## - PHYSICAL DESCRIPTION
Extent 269 p. :
Other physical details il.,
Dimensions 20 cm.
700 12 - ADDED ENTRY--PERSONAL NAME
Personal name Gallardo, Joaquín,
Relator term tr.
942 ## - ADDED ENTRY ELEMENTS (KOHA)
Source of classification or shelving scheme Dewey Decimal Classification
Koha item type Libros
945 ## - LOCAL PROCESSING INFORMATION (OCLC)
a Inventariado, 2018 /LP
956 ## - LOCAL ELECTRONIC LOCATION AND ACCESS (OCLC)
Host name Brenda Tavárez
Access number 10
Existencias
Withdrawn status Lost status Source of classification or shelving scheme Damaged status Not for loan Collection code Home library Current library Date acquired Source of acquisition Total Checkouts Barcode Date last seen Price effective from Koha item type
    Dewey Decimal Classification     Colección Juvenil General Biblioteca Pública Metropolitana Salomé Ureña Biblioteca Pública Metropolitana Salomé Ureña 10/13/2015 FUNDI   BPMSU15100099 10/13/2015 10/13/2015 Libros